Southville International School and Colleges
Your cart is empty.
  • Cart
  • Lists
    Public lists Eva Luna New books Lux_list list_1
    Your lists Log in to create your own lists
  • Log in to your account
  • Your cookies
  • Search history
Southville International School and Colleges
  • Advanced search
  • Recent comments
  • Most popular
  • Libraries

Log in to your account

Log in with GOOGLE


If you do not have an external account, but do have a local account, you can still log in:

  1. Home
  2. MARC view: Ruben Panis :
Normal view MARC view ISBD view

Ruben Panis : (Record no. 290506)

[ view plain ]
MARC details
000 -LEADER
fixed length control field 00467nam a22001577a 4500
003 - CONTROL NUMBER IDENTIFIER
control field PILC
005 - DATE AND TIME OF LATEST TRANSACTION
control field 20191125073438.0
008 - FIXED-LENGTH DATA ELEMENTS--GENERAL INFORMATION
fixed length control field 160213b xxu||||| |||| 00| 0 eng d
050 ## - LIBRARY OF CONGRESS CALL NUMBER
Classification number B 1649.R9
Item number .R895
100 ## - MAIN ENTRY--PERSONAL NAME
Personal name Panis, Ruben.
245 ## - TITLE STATEMENT
Title Ruben Panis :
Remainder of title an autobiography /
Statement of responsibility, etc Ruben Panis & Amelita Reysio-Cruz.
260 ## - PUBLICATION, DISTRIBUTION, ETC. (IMPRINT)
Place of publication, distribution, etc California.
300 ## - PHYSICAL DESCRIPTION
Extent 556 pages :
Other physical details illustrations (some color) ;
Dimensions 24 cm.
600 ## - SUBJECT ADDED ENTRY--PERSONAL NAME
Source of heading or term Panis, Ruben (Designer)
9 (RLIN) 1
942 ## - ADDED ENTRY ELEMENTS (KOHA)
Source of classification or shelving scheme Library of Congress Classification
Koha item type Books
Holdings
Withdrawn status Lost status Source of classification or shelving scheme Damaged status Home library Current library Shelving location Date acquired Source of acquisition Sub Shelving location Total Checkouts Full call number Barcode Date last seen Price effective from Koha item type
    Library of Congress Classification   College Library College Library Filipiniana Section 02/13/2016 Donation     B 1649.R9 .R895 C20388 05/08/2018 02/13/2016 Books

Ruben Panis :

APA

Panis R., .Ruben Panis. California: .

Chicago

Panis Ruben, .Ruben Panis. California: .

Harvard

Panis R., .Ruben Panis. California: .

MLA

Panis Ruben, .California: . .

  • Place hold
  • Print
  • Cite
  • Add to your cart (remove)
  • Save record
    BIBTEX Dublin Core MARCXML MARC (non-Unicode/MARC-8) MARC (Unicode/UTF-8) MARC (Unicode/UTF-8, Standard) MODS (XML) RIS
  • More searches
    Search for this title in:
    Other Libraries (WorldCat) Other Databases (Google Scholar) Online Stores (Bookfinder.com) Open Library (openlibrary.org)

Exporting to Dublin Core...

SOUTHVILLE LIBRARY

Southville International School and Colleges Library

1281 Tropical Ave. Cor. Luxembourg St., BF Homes International, Las Pinas City

Tel. No. 8256374 / 252358 Loc. 117/146

Powered by Koha